| 000 | 03591nim a2200613 i 4500 | ||
|---|---|---|---|
| 001 | 197230 | ||
| 003 | ES-MaACL | ||
| 005 | 20251015162614.0 | ||
| 007 | ss zsnzzbimuez | ||
| 008 | 250430s1990 sp n || c spa | ||
| 035 | _a(SpMaBN)a3300835 | ||
| 035 | _a(OCoLC)431050857 | ||
| 040 |
_aSpMaBN _bspa _cSpMaBN _erdc |
||
| 245 | 0 | 0 |
_a1936-39: La participación socialista _h[Grabación sonora] : _bAgrupación Socialista Madrileña |
| 260 |
_aMadrid : _bAteneo de Madrid, _c1990 |
||
| 300 |
_a5 casetes (ca. 450 min) : _bson. ; _c11 cm. + _e1 programa de mano |
||
| 490 | 1 | _3Actos culturales en el Ateneo de Madrid. | |
| 505 | 0 | _aCinta 1. Día 27. Inauguración de las Jornadas / intervienen: José Prat, presidente del Ateneo de Madrid; Enrique Moral, secretario de la Fundación P. Iglesias; José Acosta, presidente de la Federación Socialista Madrileña y Belén Lara, secretaria general de la A.S.U. – Cinta 2. Día 1, Mesa de testimonio / intervienen: Antonio Beltrán, presidente de Fraternidad Militar Democrática Republicana; Roberto Arce (F.M.D.R.), un representante de UNEX; modera: José Angel Isla. – Cinta 3-4. Conferencia-coloquio / intervienen: Gabriel Jackson, Julián Casanova y Carmen García Bloise ; modera: María Ruipérez, Fundación largo Caballero. – Cinta 5. Día 2. Sesión de clausura / intervienen: Ramón Rubial, presidente del PSOE; Joaquín Leguina, presidente de C.A.M; Manuel Fernández Moriche, vicesecretario general de A.S.U. y coordinador de las jornadas. | |
| 518 | _aGrabado el 27 de febrero y 1-2 de marzo en el Ateneo de Madrid. | ||
| 520 | _aRecoge las ponencias y testimonios sobre el papel que tuvo el Partido Socialista Obrero Español en la guerra civil española. Colaboran : Comisión Ejecutiva Federal PSOE, Federación Socialista Madrileña, Fundación Largo Caballero y Fundación Pablo Iglesias. | ||
| 540 | _aDocumento inédito. | ||
| 594 | _5Datos basados en el programa de las jornadas. | ||
| 610 | 2 | 0 |
_aAteneo de Madrid- _xActos culturales- _y1990- _vGrabaciones sonoras _9240083 |
| 650 | 0 |
_aPartidos socialistas- _xClasificación _vCongresos y asambleas _zEspaña _9240334 |
|
| 653 | _aArchivo de la palabra | ||
| 655 | 0 |
_aConferencias _9234444 |
|
| 700 | 1 |
_993665 _aPrat, José, _d1905-1994 _eora |
|
| 700 | 2 |
_9127931 _aHerrero y Moral, Enrique _eora |
|
| 700 |
_aAcosta Cubero, José, _d1947- _eora _9240160 |
||
| 700 |
_9240161 _aLara Martínez, Belén _eora |
||
| 700 | 1 |
_aBeltrán, Antonio, _d1916-2006 _eora _927333 |
|
| 700 | 1 |
_9240167 _aArce, Roberto _eora |
|
| 700 |
_9240168 _aIsla, José Ángel _eora |
||
| 700 | 1 |
_965809 _aJackson, Gabriel, _eora _d1921-2019 |
|
| 700 | 1 |
_936101 _aCasanova, Julián _eora |
|
| 700 | 0 |
_9100580 _aRuipérez, María _eora |
|
| 700 | 1 |
_9139660 _aRubial, Ramón _eora |
|
| 700 | 0 |
_971313 _aLeguina, Joaquín _eora |
|
| 700 | 1 |
_9240169 _aFernández Moriche, Manuel _eora |
|
| 710 | 2 |
_aAteneo de Madrid _91875 _ehis |
|
| 710 | 1 |
_aFederación Socialista Madrileña _9240170 _eclb |
|
| 710 | 1 |
_aComisión Ejecutiva Federal PSOE _9240171 _eclb |
|
| 710 | 2 |
_aFundación Largo Caballero _94355 _eclb |
|
| 710 | 2 |
_aFundación Pablo Iglesias _eclb _94374 |
|
| 830 | 0 |
_aActos culturales en el Ateneo de Madrid _9240237 |
|
| 852 |
_aES-MaACL _cDEPOZ _pCinta 1 _9205140 |
||
| 852 |
_aES-MaACL _cDEPOZ _pCinta 2 _9205147 |
||
| 852 |
_aES-MaACL _cDEPOZ _pCinta 3 _9205148 |
||
| 852 |
_aES-MaACL _cDEPOZ _pCinta 4 _9205149 |
||
| 852 |
_aES-MaACL _cDEPOZ _pCinta 5 _9205150 |
||
| 942 |
_2udc _cCINTASAUD _n0 |
||
| 999 |
_c197230 _d197230 |
||